El diluvio (Record no. 167151)

MARC details
000 -LEADER
campo de control de longitud fija 01112nam a22002055i 4500
001 - NÚMERO DE CONTROL
campo de control 167151
003 - IDENTIFICADOR DE NÚMERO DE CONTROL
campo de control ES-MaACL
005 - FECHA Y HORA DE LA ÚLTIMA TRANSACCIÓN
campo de control 20250929063247.0
008 - DATOS DE LONGITUD FIJA--INFORMACIÓN GENERAL
campo de control de longitud fija 020306s1874 sp |||| | spa d
040 ## - FUENTE DE CATALOGACIÓN
Centro catalogador/agencia de origen CAM
Lengua de catalogación spa
Centro/agencia transcriptor CAM
100 1# - ENTRADA PRINCIPAL--NOMBRE DE PERSONA
Nombre de persona Velázquez y Sánchez, José,
Fechas asociadas al nombre m. 1880
9 (RLIN) 133611
245 13 - MENCIÓN DEL TÍTULO
Título El diluvio
Resto del título : cuadro cómico, original en un acto y en verso /
Mención de responsabilidad, etc. de José Velázquez.
260 ## - PUBLICACIÓN, DISTRIBUCIÓN, ETC.
Lugar de publicación, distribución, etc. Madrid :
Nombre del editor, distribuidor, etc. [s.n.],
Fecha de publicación, distribución, etc. 1874 (
Fabricante Imprenta de José Rodriguez)
300 ## - DESCRIPCIÓN FÍSICA
Extensión 27 p. ;
Dimensiones 20 cm.
500 #1 - NOTA GENERAL
Nota general En port. consta: "C.C." y "Número 23"
500 ## - NOTA GENERAL
Nota general En port.: Representado con extraordinario éxito en el Teatro Martín, la noche del 19 de enero de 1874.
596 #1 - NOTA AL PIE DE IMPRENTA
NOTA AL PIE DE IMPRENTA En verso de la port. consta: "Esta obra es propiedad de Cárlos Calvacho ... Los comisionados de la Galería Dramática y Lírica, titulada el Teatro, de Alonso Gullon ..."
852 ## - LOCALIZACIÓN
Ubicación ES-MaACL
Número de control de estantería F-8568(3)
Nota libre -- Enc. pasta española
-- -- Dedicatoria. ms. del autor a Eduardo Navarro y Gonzalvo
-- -- Enc. en un vol. facticio formando parte de la col. facticia "Teatro español moderno", vol. 21
Holdings
Estatus retirado Estado de pérdida Estado de daño No para préstamo Colección Biblioteca de origen Biblioteca actual Ubicación en estantería Fecha de adquisición Total de préstamos Signatura topográfica completa Código de barras Visto por última vez Precio de reemplazo Tipo de ítem Koha
        Libros del s. XIX Biblioteca del Ateneo de Madrid Biblioteca del Ateneo de Madrid Sala Pecera Planta 2 17/01/2008   F-8568(3) 1175339 23/02/2023 23/02/2023 Libro impreso antiguo